| 000 | 00379nam a22001337a 4500 | ||
|---|---|---|---|
| 020 | _a0340275871 | ||
| 082 |
_a005.262F _bRAD _cD |
||
| 100 |
_aRadford, Arthur S _936774 |
||
| 245 | _aTeach yourself computer programming in fortran | ||
| 260 |
_aUK; _bTeach yourself book, _c1983. |
||
| 300 |
_a238p.; _c24cm. |
||
| 526 |
_a0 _b0 _c0 _d005_000000000000000_262F_RAD |
||
| 942 |
_2ddc _cBK |
||
| 999 |
_c541746 _d541746 |
||